000 00447nam a22001577a 4500
005 20241213135307.0
008 241213b |||||||| |||| 00| 0 eng d
020 _a9788120321311
050 _aQH541
_b.S674
100 _aStiling, Peter
245 _aEcology/
_btheories and applications
_cPeter Stiling
250 _a4th ed.
260 _aNew Delhi
_bPrentice-Hall of India
_c2006
300 _axii.403p.
_bill.
_c27.5m
942 _2lcc
_cBK
_e4th ed.
_n0
999 _c2158
_d2158